000
00293nam a22001337a 4500
008
181107b xxu||||| |||| 00| 0 eng d
020
_a
0534013473
041
_a
eng
080
_a
330
100
_a
55
101
_a
BUS
245
_a
Moral Issues In Business
_c
Barry.V
942
_2
udc
_c
BK
999
_c
52190
_d
52190